Ode à Fernando Pessoa (Registo nº 201138)
[ vista simples ]
| 000 -Etiqueta de Registo | |
|---|---|
| Indicador do Registo | 00679nam 22001933 4500 |
| 100 ## - Dados Gerais de Processamento | |
| Dados gerais | 20250915d u||y0pory50 ba |
| 101 ## - Língua | |
| Língua de publicação | Português |
| 102 ## - País de publicação | |
| País | Portugal |
| 200 ## - Título e menção de responsabilidade | |
| Título próprio | Ode à Fernando Pessoa |
| Primeira menção de responsabilidade | Robert Bréchon |
| 300 ## - Notas gerais | |
| Texto de nota | Separata Colóquio - Letras, Lisboa,63<br/> |
| 327 ## - Nota de conteúdo | |
| Texto de nota | Oferta com dedicatória da escritora para o Prof. Almeida Faria |
| 461 ## - Nível de conjunto | |
| Título | separata do nº 63, 1981 |
| Menção de responsabilidade | Fundação Calouste Gulbenkian |
| 606 ## - Nome Comum Usado como Assunto | |
| ID Autoridade | 7 |
| Elemento de Entrada | Literatura Francesa |
| 700 ## - Autor principal (pessoa individual) | |
| Apelido | Bréchon |
| Nome | Robert |
| Datas | 1920-2012 |
| ID Autoridade | 12492 |
| 801 ## - Fonte de origem | |
| País | PT |
| Agência | BMMN |
| Regras de catalogação | RPC |
| 090 ## - System Control Numbers (Koha) | |
| Koha biblioitem number (autogenerated) | 201138 |
| 990 ## - Elementos Koha | |
| Tipo de documento | Artigo |
| Biblioteca de origem | Biblioteca de Empréstimo | Código de Barras | Cota | Permissão de Empréstimo | Tipo de Documento | Nota relativa ao exemplar | Estado | Forma de Aquisição |
|---|---|---|---|---|---|---|---|---|
| Biblioteca Municipal de Montemor-o-Novo | Biblioteca Municipal de Montemor-o-Novo | 30424 | 821.133.1-3 BRE|SAF | Artigo | Separata do nº 63 / Setembro 1981 | Oferta |